000 00857nam a22002777a 4500
001 0012531474
003 DO-SdBNP
005 20180215085942.0
007 0012531474
008 161208b 1988 sp a ||||| |||| 00| 0 spa d
020 _a8486452317
040 _aBPMSU
_bspa
_cBPMSU
100 1 _aPaterson, Cynthia
240 1 _aRobbery at Foxwood.
_lEspañol
245 1 0 _aRobo en foresta /
_cescrito e ilustrado por Cynthia y Brian Paterson ; [traducción, Jorge Penalba].
260 _aMadrid :
_bEuropa,
_c1988.
300 _a[34] p. :
_bil. ;
_c20 cm.
490 1 _aCuentos de Foresta.
500 _aTraducción de: Robbery at Foxwood
700 1 _aPaterson, Brian
700 1 2 _aPenalba, Jorge,
_etr.
830 0 _aCuentos de Foresta.
942 _2ddc
_cBK
945 _aInventariado, 2018 /LP
956 _aLOPEREZ
_b10
_c20161208
_hBPMSU
999 _c12370
_d12370